000 00818cam a2200277 a 4500
001 1341
005 20230907091808.0
020 _a9780762433384
040 _aDLC
_cDLC
_beng
_dFISKH
050 0 0 _aPZ8.3.R243
_bWhe 2009
082 0 0 _a[E]
_223
100 1 _aReasoner, Charles
245 1 4 _aPets /
_cBy Charles E. Reasoner.
260 _aGreensboro :
_bRourke Publishing,
_c2011
300 _a8 unnumberd pages :
_bcolor illustrations ;
_c18 cm
500 _aCover title
505 _aA
520 _aOn die-cut board pages of varying sizes and shapes to represent pets.
521 _a20
_bLexile BR
521 _aA
_bRaz-Plus
650 0 _aPets
_vTexts.
650 0 _aBoard books.
650 0 _aToy and movable books
_vSpecimens.
906 _a7
_bcbc
_corignew
_d2
_encip
_f20
_gy-gencatlg
942 _2ddc
_cBK
_n0
999 _c1341
_d1341